书目信息 |
| 题名: |
太阳能热利用原理与计算机模拟
|
|
| 作者: | 张鹤飞 主编 | |
| 分册: | ||
| 出版信息: | 西安 西北工业大学出版社 2004.03 |
|
| 页数: | 313页 | |
| 开本: | 26cm | |
| 丛书名: | ||
| 单 册: | ||
| 中图分类: | TK519 | |
| 科图分类: | ||
| 主题词: | 太阳能--利用 , 太阳能--应用--计算机模拟 | |
| 电子资源: | ||
| ISBN: | 7-5612-1744-7 | |
| 000 | 00894nam0 2200265 450 | |
| 001 | 0131647400 | |
| 005 | 20050919103015.65 | |
| 010 | @a7-5612-1744-7@dCNY25.00 | |
| 100 | @a20040811d2004 km y0chiy0120 ea | |
| 101 | 0 | @achi |
| 102 | @aCN@b610000 | |
| 105 | @aa a 000yy | |
| 200 | 1 | @a太阳能热利用原理与计算机模拟@ATai Yang Neng Re Li Yong Yuan Li Yu Ji Suan Ji Mo Ni@f张鹤飞主编@Fzhang he fei zhu bian |
| 205 | @a第2版 | |
| 210 | @a西安@c西北工业大学出版社@d2004.03 | |
| 215 | @a313页@c图@d26cm | |
| 320 | @a有书目 (第305-313页)。 | |
| 330 | @a该教材论述了太阳能热利用的基本原理,介绍了我国在太阳能热利用方面的进展,讨论了太阳辐射的性质和计算方法等诸多内容。 | |
| 333 | @a高等学校教材 | |
| 606 | 0 | @a太阳能@x利用 |
| 606 | 0 | @a太阳能@x应用@x计算机模拟 |
| 690 | @aTK519@v4 | |
| 701 | 0 | @a张鹤飞@Azhang he fei@4主编 |
| 801 | 0 | @aCN@bQSSK@c20050919 |
| 905 | @a10447@dTK519@eZ111 | |
| 太阳能热利用原理与计算机模拟/张鹤飞主编.-第2版.-西安:西北工业大学出版社,2004.03 |
| 313页:图;26cm |
| 使用对象:高等学校教材 |
| ISBN 7-5612-1744-7:CNY25.00 |
| 该教材论述了太阳能热利用的基本原理,介绍了我国在太阳能热利用方面的进展,讨论了太阳辐射的性质和计算方法等诸多内容。 |
| ● |
| 相关链接 |
|
|
|
正题名:太阳能热利用原理与计算机模拟
索取号:TK519/Z111
 
预约/预借
| 序号 | 登录号 | 条形码 | 馆藏地/架位号 | 状态 | 备注 |
| 1 | 523769 | 205237698 | 自科库501/501自科库 136排7列3层/ [索取号:TK519/Z111] | 在馆 | |
| 2 | 523770 | 205237705 | 能源与建筑环境工程学院资料室/201建筑库 31排2列3层/ [索取号:TK519/Z111] | 在馆 | |
| 3 | 523771 | 205237714 | 自科二线400A/400A自科库 26排3列1层/ [索取号:TK519/Z111] | 在馆 |